[Event "3R-LV-D.H.- Batalla - Gros: 1'5-2'5"]
[Site "Bergara"]
[Date "2017.01.28"]
[Round "3.5"]
[White "Alonso Arburu, Juan Ignacio"]
[Black "Franco Alonso, Alejandro"]
[Result "0-1"]
[WhiteElo "2398"]
[BlackElo "2435"]
[PlyCount "80"]
[EventDate "2017.01.14"]

1. d4 Nf6 2. c4 e6 3. Nf3 Bb4+ 4. Bd2 c5 5. Bxb4 cxb4 6. e3 O-O 7. Bd3 d6 8.
O-O b6 9. a3 bxa3 10. Rxa3 Nc6 11. Nc3 Nb4 12. Bb1 a5 13. e4 Bb7 14. Re1 Rc8
15. Nd2 e5 16. dxe5 dxe5 17. Nd5 Nd7 18. Rg3 Nc5 19. Qh5 f6 20. Rh3 h6 21. Qg6
Qe8 22. Qg4 Rc6 23. Rg3 Qf7 24. f4 Nd7 25. f5 Kh8 26. Rh3 Rfc8 27. Ree3 b5 28.
Nxb4 axb4 29. cxb5 Rc1+ 30. Kf2 Nc5 31. Rhg3 Rd8 32. Bd3 Rd4 33. Ke2 Qd7 34.
Qg6 Nxd3 35. Rxd3 Rxd3 36. Rxd3 Qxb5 37. Nc4 Qxc4 38. Qe8+ Kh7 39. Qg6+ Kh8 40.
Qe8+ Qg8 0-1

[Event "3R-LV-D.H.- Batalla - Gros: 1'5-2'5"]
[Site "Bergara"]
[Date "2017.01.28"]
[Round "3.5"]
[White "Gonzalez De La Torre, Santiago"]
[Black "Cruz-Lopez Claret, Carlos"]
[Result "1-0"]
[WhiteElo "2444"]
[BlackElo "2287"]
[PlyCount "77"]
[EventDate "2017.01.14"]

1. e4 d5 2. exd5 Nf6 3. d4 Bg4 4. Bb5+ Nbd7 5. f3 Bf5 6. Nc3 a6 7. Ba4 b5 8.
Bb3 Nb6 9. Nge2 Nbxd5 10. Nxd5 Nxd5 11. Ng3 Bg6 12. f4 e6 13. O-O Be7 14. f5
exf5 15. Nxf5 Bf6 16. Qf3 c6 17. Re1+ Kf8 18. c3 h5 19. Ne3 Ne7 20. d5 Rc8 21.
dxc6 Nxc6 22. Nd5 Ne5 23. Qh3 Ng4 24. Bf4 Bf5 25. Rad1 Bg5 26. Bxg5 Qxg5 27.
Ne7 Re8 28. Qf3 g6 29. Qd5 Rxe7 30. Qd8+ Kg7 31. Qxe7 Qf4 32. Qd6 Qf2+ 33. Kh1
Qh4 34. Re7 Rd8 35. Rxf7+ Kh6 36. Qf4+ g5 37. Rd6+ Rxd6 38. Qxd6+ Bg6 39. Qf8#
1-0

[Event "3R-LV-D.H.- Batalla - Gros: 1'5-2'5"]
[Site "Bergara"]
[Date "2017.01.28"]
[Round "3.5"]
[White "Munoz Perez, Ivan"]
[Black "Argandona Riveiro, Inigo"]
[Result "1/2-1/2"]
[WhiteElo "2227"]
[BlackElo "2445"]
[PlyCount "92"]
[EventDate "2017.01.14"]

1. e4 e5 2. Nf3 d6 3. g3 Nf6 4. Nc3 Be7 5. Bg2 c6 6. a4 a5 7. O-O Na6 8. d4
exd4 9. Nxd4 O-O 10. b3 Re8 11. h3 Bf8 12. Ba3 Nb4 13. Qd2 Qb6 14. Rfe1 Bd7 15.
Rad1 Rad8 16. Kh2 Bc8 17. f3 g6 18. Nb1 Bg7 19. c3 Na6 20. Qc2 Qc7 21. Bc1 Nc5
22. Be3 d5 23. b4 axb4 24. cxb4 Na6 25. b5 Nb4 26. Qc5 Bf8 27. Qc3 Nh5 28. Ne2
dxe4 29. fxe4 Na2 30. Qb2 Be6 31. Nf4 Bg7 32. Qf2 Nxf4 33. Bxf4 Qa5 34. bxc6
bxc6 35. e5 Rxd1 36. Rxd1 Qxa4 37. Rd6 Nb4 38. Nc3 Qa5 39. Ne4 Nd5 40. Qc5 Qxc5
41. Nxc5 h6 42. h4 g5 43. hxg5 hxg5 44. Bxg5 Bxe5 45. Rxc6 Kg7 46. Nxe6+ fxe6
1/2-1/2

[Event "3R-LV-D.H.- Batalla - Gros: 1'5-2'5"]
[Site "Bergara"]
[Date "2017.01.28"]
[Round "3.5"]
[White "Etchegaray, Patrice"]
[Black "Serras Uria, Antonio"]
[Result "0-1"]
[WhiteElo "2357"]
[BlackElo "2224"]
[PlyCount "106"]
[EventDate "2017.01.14"]

1. e4 c5 2. Nf3 d6 3. c3 Nf6 4. Be2 Nc6 5. d4 e6 6. d5 exd5 7. exd5 Nb8 8. O-O
Be7 9. Bb5+ Nbd7 10. h3 O-O 11. a4 Nb6 12. Bd3 Nbxd5 13. Ng5 h6 14. Ne4 Nxe4
15. Bxe4 Nf6 16. Bc2 d5 17. Qf3 Bd6 18. Rd1 Re8 19. Nd2 Qe7 20. Nf1 Bd7 21. Bf4
Bxf4 22. Qxf4 Qe5 23. Qd2 Bc6 24. Re1 Ne4 25. Qd3 Qg5 26. f3 Nf6 27. b4 b6 28.
Ne3 g6 29. Ng4 Nxg4 30. hxg4 h5 31. gxh5 Qxh5 32. bxc5 bxc5 33. Qa6 Rxe1+ 34.
Rxe1 Qh4 35. Re2 Qf6 36. Qa5 Qd6 37. Qa6 Kg7 38. Kf2 Qc7 39. Qd3 Rd8 40. Re1 d4
41. cxd4 Rxd4 42. Qc3 Qd6 43. a5 Kg8 44. Be4 Bb5 45. Rc1 Rd2+ 46. Kg1 Qd4+ 47.
Qxd4 cxd4 48. Rc7 Rd1+ 49. Kh2 a6 50. Bd5 d3 51. Bxf7+ Kf8 52. Bc4 d2 53. Bxb5
Rh1+ 0-1

[Event "4R-LV-D.H.- Zuri Baltza - Batalla: 2-2"]
[Site "?"]
[Date "2017.02.04"]
[Round "4.1"]
[White "Alonso Martinez, Jon"]
[Black "Alonso Arburu, Juan Ignacio"]
[Result "1/2-1/2"]
[WhiteElo "2213"]
[BlackElo "2398"]
[PlyCount "31"]
[EventDate "2017.03.29"]
[SourceDate "2005.01.01"]
[WhiteTeam "Zuri Baltza"]
[BlackTeam "Batalla"]

1. e4 d6 2. d4 e5 3. Nf3 Nf6 4. Nc3 Nbd7 5. Bc4 Be7 6. O-O c6 7. a4 O-O 8. Re1
b6 9. d5 cxd5 10. Nxd5 Nc5 11. Bg5 Bg4 12. Bxf6 Bxf6 13. Ne3 Bh5 14. Nf5 g6 15.
Ne3 Bg5 16. h3 1/2-1/2

[Event "4R-LV-D.H.- Zuri Baltza - Batalla: 2-2"]
[Site "?"]
[Date "2017.02.04"]
[Round "4.2"]
[White "Cruz-Lopez Claret, Carlos"]
[Black "Fernandez Hernandez, Gerardo"]
[Result "1/2-1/2"]
[WhiteElo "2287"]
[BlackElo "2175"]
[PlyCount "46"]
[EventDate "2017.03.29"]
[SourceDate "2005.01.01"]
[WhiteTeam "Batalla"]
[BlackTeam "Zuri Baltza"]

1. d4 Nf6 2. c4 e6 3. Nc3 Bb4 4. e3 O-O 5. Nge2 Re8 6. a3 Bf8 7. g3 d5 8. cxd5
exd5 9. Bg2 a5 10. O-O Na6 11. Nf4 c6 12. Bd2 Nc7 13. Rc1 Ne6 14. Nd3 Ng5 15.
f3 Bh3 16. Bxh3 Nxh3+ 17. Kg2 Ng5 18. Na4 Bd6 19. Nac5 Qc8 20. Nf2 Ne6 21. Nfd3
Ng5 22. Nf2 Ne6 23. Nfd3 Ng5 1/2-1/2

[Event "4R-LV-D.H.- Zuri Baltza - Batalla: 2-2"]
[Site "?"]
[Date "2017.02.04"]
[Round "4.3"]
[White "Garcia Rodriguez, Iñaki"]
[Black "Serras Uria, Antton"]
[Result "1/2-1/2"]
[WhiteElo "2024"]
[BlackElo "2224"]
[PlyCount "35"]
[EventDate "2017.03.29"]
[SourceDate "2005.01.01"]
[WhiteTeam "Zuri Baltza"]
[BlackTeam "Batalla"]

1. d4 Nf6 2. Bg5 c6 3. Bxf6 exf6 4. c4 d5 5. cxd5 Qxd5 6. Nc3 Qa5 7. e3 Bd6 8.
Nge2 O-O 9. g3 Nd7 10. Bg2 Nb6 11. O-O Be6 12. a3 Rad8 13. b4 Qh5 14. Ne4 Bc4
15. Re1 Nd5 16. Rc1 Ba6 17. Nxd6 Rxd6 18. Rc5 1/2-1/2

[Event "4R-LV-D.H.- Zuri Baltza - Batalla: 2-2"]
[Site "?"]
[Date "2017.02.04"]
[Round "4.4"]
[White "Olaizola Ortega, Luis"]
[Black "Hernandez L, Maximo"]
[Result "0-1"]
[WhiteElo "2143"]
[BlackElo "1963"]
[PlyCount "105"]
[EventDate "2017.03.29"]
[SourceDate "2005.01.01"]
[WhiteTeam "Batalla"]
[BlackTeam "Zuri Baltza"]

1. Nf3 Nf6 2. c4 g6 3. g3 Bg7 4. Bg2 O-O 5. Nc3 a5 6. d4 Na6 7. O-O h6 8. e4 d6
9. h3 Kh7 10. Be3 Ng8 11. Qd2 e5 12. dxe5 dxe5 13. Nd5 c5 14. Rfd1 Be6 15. Qc3
Bxd5 16. Rxd5 Qc7 17. Ne1 Ne7 18. Rd2 Rad8 19. Rad1 b6 20. Nc2 Nc6 21. Rxd8
Rxd8 22. Rxd8 Qxd8 23. Qd2 Qe7 24. Qd1 Nc7 25. Bc1 Qe6 26. Ne3 Nd4 27. b3 f5
28. exf5 gxf5 29. g4 f4 30. Nf5 Qf6 31. Be4 Kh8 32. Bb2 Nce6 33. Bxd4 exd4 34.
Bc2 Qe5 35. Nh4 Nf8 36. Qd3 Kg8 37. Kg2 Qe7 38. Ng6 Qf6 39. Nxf8 Kxf8 40. Qe4
Qe5 41. Kf3 Ke7 42. Qxf4 Qxf4+ 43. Kxf4 Bf6 44. Kf5 Kf7 45. f4 Bg7 46. h4 Bf6
47. h5 Bg7 48. g5 hxg5 49. fxg5 Bf8 50. h6 Be7 51. g6+ Kg8 52. g7 Kf7 53. Be4
0-1

[Event "4R-LV-D.H.- Orvina 'A - Sestao 'A: 2-2"]
[Site "Bergara"]
[Date "2017.02.04"]
[Round "4.3"]
[White "Garbisu De Goni, Unai"]
[Black "Del Rio De Angelis, Salvador G"]
[Result "1/2-1/2"]
[WhiteElo "2423"]
[BlackElo "2527"]
[PlyCount "114"]
[EventDate "2017.01.14"]

1. e4 e6 2. d4 d5 3. e5 c5 4. c3 Bd7 5. Nf3 Qb6 6. Bd3 Bb5 7. dxc5 Bxc5 8. b4
Bxd3 9. Qxd3 Bf8 10. O-O Nc6 11. a3 Nge7 12. Re1 Nf5 13. Nbd2 Be7 14. c4 dxc4
15. Nxc4 Qd8 16. Qe4 O-O 17. Bb2 Qd5 18. Qxd5 exd5 19. Ne3 Nxe3 20. Rxe3 a5 21.
b5 Nd8 22. Rd3 Ne6 23. Rxd5 Rfd8 24. Rad1 Rxd5 25. Rxd5 Rc8 26. g3 Kf8 27. Kf1
Ke8 28. Ke2 Rc2+ 29. Rd2 Rc5 30. a4 Rc4 31. Nd4 Rxa4 32. Nxe6 fxe6 33. Kd3 Rb4
34. Bc3 Rxb5 35. Ra2 b6 36. f4 Rb1 37. Ke4 g6 38. g4 Rb3 39. Rc2 Ra3 40. Bd4
Ra4 41. Ke3 Rb4 42. Rc6 Kd7 43. Rxb6 Rxb6 44. Bxb6 a4 45. Ke4 Ba3 46. Be3 Bb2
47. Kd3 a3 48. Kc2 Kc6 49. Kb3 Kd5 50. Bd2 Ke4 51. h3 Kd4 52. Bb4 Bc1 53. f5
Kxe5 54. Bc3+ Kd6 55. Bb4+ Kd7 56. fxg6 hxg6 57. h4 Bf4 1/2-1/2

[Event "4R-LV-D.H.- Orvina 'A - Sestao 'A: 2-2"]
[Site "Bergara"]
[Date "2017.02.04"]
[Round "4.3"]
[White "Trigo Urquijo, Sergio"]
[Black "Ortega Lopez, Mikel"]
[Result "1/2-1/2"]
[WhiteElo "2407"]
[BlackElo "2258"]
[PlyCount "106"]
[EventDate "2017.01.14"]

1. e4 c5 2. Nf3 Nc6 3. Bb5 Nf6 4. Bxc6 dxc6 5. d3 g6 6. Nc3 Bg7 7. Be3 b6 8. h3
O-O 9. Qd2 Ne8 10. Bh6 Nc7 11. h4 Ne6 12. h5 Nd4 13. Bxg7 Nxf3+ 14. gxf3 Kxg7
15. hxg6 hxg6 16. Qh6+ Kf6 17. O-O-O Ke6 18. d4 cxd4 19. Qh3+ f5 20. exf5+ Rxf5
21. Rhe1+ Kd6 22. Rxd4+ Rd5 23. Qg3+ Kc5 24. Nxd5 cxd5 25. b4+ Kc6 26. Qxg6+ e6
27. Rxe6+ Bxe6 28. Qxe6+ Qd6 29. b5+ Kc5 30. Qxd6+ Kxd6 31. Kd2 Kc5 32. c3 Rf8
33. f4 Kxb5 34. Rxd5+ Ka4 35. Ke3 Ka3 36. f5 Kxa2 37. Rb5 a5 38. Ke4 a4 39.
Rxb6 a3 40. f6 Ka1 41. Ra6 a2 42. Kf5 Kb2 43. Kg6 a1=Q 44. Rxa1 Kxa1 45. Kg7
Rc8 46. f7 Kb2 47. c4 Kc3 48. c5 Kd4 49. c6 Kd5 50. f4 Kxc6 51. f5 Kd6 52.
f8=Q+ Rxf8 53. Kxf8 Ke5 1/2-1/2

[Event "4R-LV-D.H.- Orvina 'A - Sestao 'A: 2-2"]
[Site "Bergara"]
[Date "2017.02.04"]
[Round "4.3"]
[White "Navarrete Delgado, Sergio"]
[Black "Iruzubieta Villaluenga, Jesus"]
[Result "0-1"]
[WhiteElo "2239"]
[BlackElo "2413"]
[PlyCount "66"]
[EventDate "2017.01.14"]

1. e4 e5 2. Nf3 Nc6 3. d4 exd4 4. Nxd4 Nf6 5. Nxc6 bxc6 6. e5 Qe7 7. Qe2 Nd5 8.
c4 Nb6 9. g3 a5 10. b3 a4 11. Bb2 axb3 12. axb3 Rxa1 13. Bxa1 Qb4+ 14. Nd2 Qa5
15. Qd1 Bb4 16. Bb2 O-O 17. Ke2 d6 18. Bg2 dxe5 19. Qc2 Bg4+ 20. f3 Bh5 21. Ra1
Qc5 22. Ne4 Qe7 23. c5 Nd5 24. Qc4 f5 25. Nc3 Bxc3 26. Bxc3 Bf7 27. Qd3 Rd8 28.
Kf1 f4 29. gxf4 exf4 30. Kg1 Ne3 31. Bd4 Qg5 32. Ra2 Nf5 33. Ra4 Nxd4 0-1

[Event "4R-LV-D.H.- Orvina 'A - Sestao 'A: 2-2"]
[Site "Bergara"]
[Date "2017.02.04"]
[Round "4.3"]
[White "Marchena Hurtado, Javier"]
[Black "Urriza Iricibar, Pablo"]
[Result "0-1"]
[WhiteElo "2357"]
[BlackElo "2174"]
[PlyCount "60"]
[EventDate "2017.01.14"]

1. d4 c5 2. d5 g6 3. c4 Bg7 4. e4 d6 5. Nf3 Nf6 6. Nc3 O-O 7. h3 e6 8. Bd3 exd5
9. cxd5 a6 10. a4 Nh5 11. O-O Nd7 12. Re1 Ne5 13. Be2 Nxf3+ 14. Bxf3 Qh4 15.
Bxh5 gxh5 16. Qf3 Be5 17. Bh6 Re8 18. a5 Kh8 19. Ra3 Rg8 20. Nd1 Rg6 21. Bd2
Bd7 22. Bc3 f6 23. Bxe5 fxe5 24. Kh2 Rag8 25. Rg1 Bg4 26. Qg3 Qf6 27. f3 h4 28.
Qf2 Bxh3 29. Kxh3 Qf4 30. Qe3 Qg3# 0-1

[Event "4R-LV-D.H.- Altzaga/Leioa - Arrasate/Arlutz: 2-2"]
[Site "Bergara"]
[Date "2017.02.04"]
[Round "4.4"]
[White "Gonzalez Pereira, Asier"]
[Black "Miguel Quintero, Francisco"]
[Result "1/2-1/2"]
[WhiteElo "2121"]
[BlackElo "2286"]
[PlyCount "34"]
[EventDate "2017.01.14"]

1. e4 g6 2. d4 Bg7 3. Nf3 d6 4. Be2 Nf6 5. Nc3 O-O 6. O-O Nc6 7. d5 Ne5 8. Nxe5
dxe5 9. Bc4 a6 10. a4 Qd6 11. b3 Nh5 12. g3 Re8 13. Qe2 Bd7 14. Rd1 Nf6 15. a5
Nh5 16. f3 Rad8 17. Be3 h6 1/2-1/2

[Event "4R-LV-D.H.- Altzaga/Leioa - Arrasate/Arlutz: 2-2"]
[Site "Bergara"]
[Date "2017.02.04"]
[Round "4.4"]
[White "Miguel Quintero, Antonio"]
[Black "Llano Olabarrieta, Joseba"]
[Result "1/2-1/2"]
[WhiteElo "2166"]
[BlackElo "2112"]
[PlyCount "36"]
[EventDate "2017.01.14"]

1. e4 c5 2. c3 Nf6 3. e5 Nd5 4. d4 cxd4 5. cxd4 e6 6. Nf3 b6 7. Nc3 Nxc3 8.
bxc3 Qc7 9. Bd2 Bb7 10. Bd3 d6 11. O-O Nd7 12. Qe2 dxe5 13. dxe5 Be7 14. Rfe1
O-O 15. Nd4 Rfe8 16. Rad1 Rac8 17. Nb5 Qb8 18. Bf4 Rc5 1/2-1/2

[Event "4R-LV-D.H.- Altzaga/Leioa - Arrasate/Arlutz: 2-2"]
[Site "Bergara"]
[Date "2017.02.04"]
[Round "4.4"]
[White "Barbazan Bilbao, Xabier"]
[Black "Ruiz Abad, Juan Manuel"]
[Result "0-1"]
[WhiteElo "2028"]
[BlackElo "2097"]
[PlyCount "80"]
[EventDate "2017.01.14"]

1. e4 c5 2. Nf3 Nc6 3. d4 cxd4 4. Nxd4 e5 5. Nb5 d6 6. N1c3 a6 7. Na3 b5 8. Nd5
Nge7 9. Bg5 h6 10. Bxb5 axb5 11. Nxb5 Ra7 12. Nxa7 Nxa7 13. Be3 Nxd5 14. Qxd5
Qc7 15. O-O Be7 16. a4 O-O 17. b4 Be6 18. Qd2 Qb7 19. Rfb1 Nc8 20. b5 d5 21.
exd5 Bxd5 22. f3 Nd6 23. Bf2 e4 24. a5 Nc4 25. Qe1 Bf6 26. a6 Qd7 27. c3 e3 28.
Bg3 Nd2 29. Qxe3 Nxb1 30. Rxb1 Ba2 31. Rb2 Re8 32. Qc1 Bc4 33. b6 Bxc3 34. Qxc3
Qd1+ 35. Be1 Rxe1+ 36. Kf2 Rf1+ 37. Kg3 Qd6+ 38. Kh3 Bxa6 39. Qb3 Rh1 40. g4
Bf1+ 0-1

[Event "4R-LV-D.H.- Altzaga/Leioa - Arrasate/Arlutz: 2-2"]
[Site "Bergara"]
[Date "2017.02.04"]
[Round "4.4"]
[White "Alcaide Luque, Aitor"]
[Black "Ostolozaga Barragan, Eneko"]
[Result "0-1"]
[WhiteElo "2101"]
[BlackElo "2007"]
[PlyCount "126"]
[EventDate "2017.01.14"]

1. d4 e6 2. Nf3 Nf6 3. Bg5 h6 4. Bh4 b6 5. e3 Bb7 6. Bd3 d6 7. Nbd2 Nbd7 8. h3
Qe7 9. Qe2 a6 10. e4 e5 11. c3 g6 12. dxe5 dxe5 13. g4 Bg7 14. Nc4 h5 15. O-O-O
O-O-O 16. Ne3 Nc5 17. Nd5 Rxd5 18. exd5 Nxd3+ 19. Rxd3 e4 20. Rdd1 hxg4 21.
hxg4 Re8 22. d6 cxd6 23. Rhe1 Qe6 24. Nd2 Nxg4 25. Qc4+ Qxc4 26. Nxc4 Be5 27.
Nxb6+ Kc7 28. Nd5+ Bxd5 29. Rxd5 f5 30. Rf1 Rh8 31. Bg5 Rh3 32. c4 Rf3 33. Rh1
Nxf2 34. Rh7+ Kc8 35. Ra5 Nd3+ 36. Kd2 Bxb2 37. Rxa6 Bc1+ 38. Kc2 Nc5 39. Kxc1
Nxa6 40. Rg7 Rc3+ 41. Kd2 Rxc4 42. Rxg6 Rd4+ 43. Kc3 Rd3+ 44. Kc4 d5+ 45. Kb5
Nc7+ 46. Kc6 Rc3+ 47. Kd6 Ra3 48. Rg8+ Kb7 49. Rg7 Ra6+ 50. Ke5 Rxa2 51. Kxf5
Kc6 52. Be3 Re2 53. Bd4 Rd2 54. Rg6+ Kb5 55. Ke5 Rc2 56. Rb6+ Kc4 57. Rc6+ Kd3
58. Rxc2 Kxc2 59. Kd6 Kd3 60. Bg1 d4 61. Kxc7 e3 62. Kd6 Ke2 63. Kd5 d3 0-1

[Event "4R-LV-D.H.- San Juan - Conteneo: 2-2"]
[Site "Bergara"]
[Date "2017.02.04"]
[Round "4.5"]
[White "Reinaldo Castineira, Roi"]
[Black "Nava Pereda, Carlos"]
[Result "1-0"]
[WhiteElo "2474"]
[BlackElo "2189"]
[PlyCount "81"]
[EventDate "2017.01.14"]

1. e4 c5 2. Nc3 Nc6 3. Nge2 g6 4. d4 cxd4 5. Nxd4 Bg7 6. Be3 Nf6 7. Bc4 O-O 8.
Bb3 Re8 9. O-O d6 10. h3 Na5 11. f4 a6 12. Qf3 Qc7 13. g4 Nxb3 14. axb3 e6 15.
e5 dxe5 16. fxe5 Nd5 17. Ndb5 Qd7 18. Nd6 Nxe3 19. Qxe3 Rf8 20. Na4 b5 21. Nb6
Qa7 22. Nxb5 Qb8 23. Nd6 Qa7 24. Rae1 Bd7 25. Nxa8 Qxa8 26. Ne4 Bc6 27. Nf6+
Kh8 28. Rd1 Qc8 29. Qc5 Qa8 30. Nd7 Bh1 31. Rd2 Rc8 32. Nb6 Rxc5 33. Nxa8 Bd5
34. c4 Bh6 35. Rd3 Be4 36. Rd7 Be3+ 37. Kh2 g5 38. Rfxf7 Rxe5 39. Nc7 Bf4+ 40.
Rxf4 gxf4 41. Nxe6 1-0

[Event "4R-LV-D.H.- San Juan - Conteneo: 2-2"]
[Site "Bergara"]
[Date "2017.02.04"]
[Round "4.5"]
[White "Arnaez Gil, Juan Ignacio"]
[Black "Bayo Milagro, Alvaro"]
[Result "1/2-1/2"]
[WhiteElo "2197"]
[BlackElo "2301"]
[PlyCount "54"]
[EventDate "2017.01.14"]

1. Nf3 d5 2. g3 Bg4 3. Bg2 Nd7 4. c4 e6 5. O-O Ngf6 6. d4 c6 7. b3 Be7 8. Bb2
O-O 9. Nbd2 b5 10. Re1 bxc4 11. bxc4 Bb4 12. Qc1 Ne4 13. Ba3 Bxa3 14. Qxa3 Bxf3
15. Nxf3 Qf6 16. c5 Qd8 17. Rab1 Qc7 18. Rb3 e5 19. e3 Rfb8 20. Reb1 Rxb3 21.
Rxb3 exd4 22. exd4 Rb8 23. Bh3 Rxb3 24. axb3 Nb8 25. b4 a6 26. Ne5 f6 27. Nd3
Ng5 1/2-1/2

[Event "4R-LV-D.H.- San Juan - Conteneo: 2-2"]
[Site "Bergara"]
[Date "2017.02.04"]
[Round "4.5"]
[White "Jimenez Almeida, Luis David"]
[Black "Sanz Castillo, Santiago"]
[Result "1/2-1/2"]
[WhiteElo "2233"]
[BlackElo "2152"]
[PlyCount "61"]
[EventDate "2017.01.14"]

1. Nf3 Nf6 2. d4 e6 3. Bg5 d5 4. e3 c5 5. c3 Be7 6. Nbd2 Nc6 7. Bd3 b6 8. O-O
Bb7 9. Qa4 c4 10. Bb1 a6 11. Qc2 h6 12. Bf4 Nh5 13. Be5 Nxe5 14. Nxe5 Nf6 15.
f4 Qc7 16. Rf3 Ne4 17. Nxe4 dxe4 18. Rf1 Bd6 19. Qe2 b5 20. Bc2 h5 21. g4 hxg4
22. Qxg4 O-O-O 23. b3 g5 24. bxc4 gxf4 25. Qxf4 Rdg8+ 26. Kh1 f6 27. c5 fxe5
28. cxd6 exf4 29. dxc7 f3 30. Rf2 Kxc7 31. a4 {(Ilegible)} 1/2-1/2

[Event "4R-LV-D.H.- San Juan - Conteneo: 2-2"]
[Site "Bergara"]
[Date "2017.02.04"]
[Round "4.5"]
[White "Sadusea, Johnny Fernando"]
[Black "Zamarbide Inarrea, Borja"]
[Result "1-0"]
[WhiteElo "2102"]
[BlackElo "2058"]
[PlyCount "70"]
[EventDate "2017.01.14"]

1. e4 c5 2. Nf3 e6 3. d4 cxd4 4. Nxd4 Nf6 5. Bd3 Nc6 6. Nxc6 bxc6 7. O-O d5 8.
Nc3 Be7 9. Re1 d4 10. Ne2 e5 11. f4 Bd6 12. f5 Qb6 13. Ng3 c5 14. b3 Ba6 15.
Qe2 c4 16. bxc4 Rc8 17. Bg5 Qc6 18. c5 Bxc5 19. Kh1 Bxd3 20. cxd3 Bb4 21. Rf1
h6 22. Rac1 Bc3 23. Bxf6 Qxf6 24. Rb1 O-O 25. Rb5 Rb8 26. Rfb1 Rxb5 27. Rxb5 a5
28. Rb1 Qg5 29. Nf1 g6 30. g4 h5 31. gxh5 Qxh5 32. Qxh5 gxh5 33. Ng3 Kh7 34.
Nxh5 Kh6 35. Nf6 Kg5 1-0

[Event "5R-LV-D.H.- Abadiño - Conteneo: 2'5-1'5"]
[Site "Bergara"]
[Date "2017.02.11"]
[Round "5.1"]
[White "Sarralde Osua, Rodrigo"]
[Black "Varas, Carlos"]
[Result "1-0"]
[WhiteElo "2331"]
[BlackElo "2253"]
[PlyCount "75"]
[EventDate "2017.01.14"]

1. e4 c5 2. d3 Nc6 3. g3 Nf6 4. Nf3 d5 5. Nbd2 dxe4 6. dxe4 g6 7. Bg2 Bg7 8.
O-O O-O 9. Re1 h6 10. Qe2 Be6 11. Nc4 Nd4 12. Nxd4 Qxd4 13. Ne3 c4 14. Rd1 Qc5
15. Bd2 Nd7 16. Bc3 Bxc3 17. bxc3 Ne5 18. f4 Bg4 19. Rd5 Qxd5 20. exd5 Bxe2 21.
fxe5 f5 22. Re1 Bh5 23. Nxc4 Rac8 24. d6 exd6 25. Nxd6 Rcd8 26. Bxb7 g5 27. c4
f4 28. c5 Rd7 29. Bd5+ Kh8 30. e6 Re7 31. Kg2 Bg4 32. c6 Rf6 33. c4 Bh5 34. Rb1
Bg4 35. Rb8+ Kg7 36. Rb7 Kf8 37. Rxe7 Kxe7 38. c7 1-0

[Event "5R-LV-D.H.- Abadiño - Conteneo: 2'5-1'5"]
[Site "Bergara"]
[Date "2017.02.11"]
[Round "5.1"]
[White "Nava Pereda, Carlos"]
[Black "Prieto Aranguren, Alain"]
[Result "1-0"]
[WhiteElo "2189"]
[BlackElo "2223"]
[PlyCount "42"]
[EventDate "2017.01.14"]

1. Nf3 Nf6 2. c4 g6 3. Nc3 Bg7 4. e4 d6 5. d4 O-O 6. Be2 e5 7. O-O Nc6 8. d5
Ne7 9. Nd2 c5 10. dxc6 bxc6 11. b4 d5 12. b5 d4 13. Na4 Rb8 14. Rb1 Nd7 15. Ba3
Bb7 16. Nc5 Nxc5 17. Bxc5 cxb5 18. cxb5 Rc8 19. Bb4 d3 20. Bf3 Rc2 21. Nb3 {
(Ilegible)} 21... Qc7 1-0

[Event "5R-LV-D.H.- Abadiño - Conteneo: 2'5-1'5"]
[Site "Bergara"]
[Date "2017.02.11"]
[Round "5.1"]
[White "Galzagorri Uli, Yeray"]
[Black "Sanz Castillo, Santiago"]
[Result "1-0"]
[WhiteElo "2224"]
[BlackElo "2152"]
[PlyCount "37"]
[EventDate "2017.01.14"]

1. Nf3 Nf6 2. g3 b6 3. Bg2 Bb7 4. O-O e6 5. c4 Be7 6. Nc3 O-O 7. Re1 d5 8. cxd5
exd5 9. d4 Ne4 10. Bf4 Nd7 11. Rc1 Nxc3 12. bxc3 Nf6 13. c4 dxc4 14. Rxc4 c5
15. dxc5 Bxc5 16. Ne5 Bxg2 17. Kxg2 Nd5 18. Nc6 Nxf4+ 19. Rxf4 {(Ilegible)} 1-0

[Event "5R-LV-D.H.- Abadiño - Conteneo: 2'5-1'5"]
[Site "Bergara"]
[Date "2017.02.11"]
[Round "5.1"]
[White "Sadusea, Johnny Fernando"]
[Black "Sarralde Osua, Diego"]
[Result "1/2-1/2"]
[WhiteElo "2102"]
[BlackElo "2051"]
[PlyCount "90"]
[EventDate "2017.01.14"]

1. e4 c5 2. Nf3 e6 3. b3 d6 4. Bb2 Nf6 5. Nc3 Be7 6. Bb5+ Bd7 7. Qe2 a6 8.
Bxd7+ Nbxd7 9. a4 Qc7 10. O-O O-O 11. d3 Rab8 12. a5 Rbc8 13. Nd2 Rfe8 14. f4
Nb8 15. Ra4 Nc6 16. Rfa1 Nd4 17. Qd1 Nd7 18. Ne2 Bf6 19. Bxd4 Bxd4+ 20. Nxd4
cxd4 21. Rc4 Qb8 22. Kh1 e5 23. f5 Nf6 24. Qf3 Red8 25. g4 d5 26. exd5 Nxd5 27.
Ne4 b5 28. axb6 Nxb6 29. Rxc8 Qxc8 30. f6 Nd5 31. fxg7 Kxg7 32. Rf1 Nf4 33. Qf2
Qc6 34. Qh4 Re8 35. g5 Qxc2 36. Qh6+ Kh8 37. Qf6+ Kg8 38. Rxf4 exf4 39. Qxd4
Qd1+ 40. Kg2 Qe2+ 41. Kg1 Qg4+ 42. Kf2 Rxe4 43. Qd8+ Kg7 44. Qf6+ Kg8 45. dxe4
Qh4+ 1/2-1/2

[Event "5R-LV-D.H.- Arrasate-Arlutz - San Juan: 1'5-2'5"]
[Site "Bergara"]
[Date "2017.02.11"]
[Round "5.2"]
[White "Miguel Quintero, Francisco"]
[Black "Reinaldo Castineira, Roi"]
[Result "0-1"]
[WhiteElo "2286"]
[BlackElo "2474"]
[PlyCount "133"]
[EventDate "2017.01.14"]

1. g3 d5 2. Bg2 Nc6 3. c4 d4 4. d3 e5 5. Nf3 Be7 6. O-O a5 7. Na3 Nf6 8. Nc2
O-O 9. e3 Bf5 10. e4 Bg6 11. Nh4 Nd7 12. Nxg6 fxg6 13. b3 Nc5 14. Ba3 Ne6 15.
Qg4 Rf6 16. Qe2 Bxa3 17. Nxa3 Qe7 18. Nc2 Nc5 19. Rab1 Nb4 20. Ne1 Rb6 21. a3
Nc6 22. Qc2 Nd7 23. Qa2 Nc5 24. Bf3 g5 25. Be2 h6 26. Ng2 Kh7 27. h4 gxh4 28.
Nxh4 Rf8 29. Kg2 Qg5 30. Nf3 Qf6 31. Qc2 Ne6 32. Qd2 Ne7 33. Rh1 Nc5 34. Bd1
Na4 35. Rh5 Nc3 36. Rb2 Ng6 37. Rf5 Qe7 38. Rxf8 Qxf8 39. b4 axb4 40. axb4 Rxb4
41. Rxb4 Qxb4 42. Nh2 Nd5 43. Qa2 Nc3 44. Qd2 Nd5 45. Qa2 Nf6 46. Ng4 Nxg4 47.
Bxg4 Ne7 48. Qa8 b6 49. Qe8 Qd6 50. Bh3 Qf6 51. Qd7 Qd6 52. Qe8 Qf6 53. Qd7 c6
54. Be6 b5 55. cxb5 cxb5 56. Bb3 b4 57. Qd8 h5 58. Qb8 h4 59. Qxb4 Qg5 60. Be6
Kh6 61. Qb3 Ng6 62. Kh3 hxg3 63. fxg3 Qh5+ 64. Kg2 Qe2+ 65. Kh3 Qf1+ 66. Kh2
Qf2+ 67. Kh3 0-1

[Event "5R-LV-D.H.- Arrasate-Arlutz - San Juan: 1'5-2'5"]
[Site "Bergara"]
[Date "2017.02.11"]
[Round "5.2"]
[White "Jimenez Almeida, Luis David"]
[Black "Miguel Quintero, Antonio"]
[Result "1/2-1/2"]
[WhiteElo "2233"]
[BlackElo "2166"]
[PlyCount "56"]
[EventDate "2017.01.14"]

1. d4 g6 2. c4 Bg7 3. e4 d6 4. Nc3 Nc6 5. Be3 e5 6. d5 Nd4 7. Nge2 Nxe2 8. Bxe2
f5 9. exf5 gxf5 10. Bh5+ Kf8 11. g3 Bd7 12. O-O Nf6 13. Be2 b6 14. b4 a5 15. a3
axb4 16. axb4 Rxa1 17. Qxa1 h5 18. c5 bxc5 19. bxc5 Ng4 20. cxd6 cxd6 21. Qa3
Nxe3 22. fxe3 Qb6 23. Kh1 Ke7 24. e4 h4 25. gxh4 Rxh4 26. exf5 Qe3 27. f6+ Bxf6
28. Rxf6 Rxh2+ 1/2-1/2

[Event "5R-LV-D.H.- Arrasate-Arlutz - San Juan: 1'5-2'5"]
[Site "Bergara"]
[Date "2017.02.11"]
[Round "5.2"]
[White "Ruiz Abad, Juan Manuel"]
[Black "Sanchez Carayol, Jesus Carlos"]
[Result "1-0"]
[WhiteElo "2097"]
[BlackElo "2105"]
[PlyCount "101"]
[EventDate "2017.01.14"]

1. e4 e5 2. Nf3 Nc6 3. Bb5 a6 4. Ba4 Nf6 5. Qe2 b5 6. Bb3 Bc5 7. O-O d6 8. c3
O-O 9. Rd1 Bg4 10. h3 Bh5 11. d3 h6 12. Nbd2 Bb6 13. Nf1 Na5 14. Bc2 c5 15. g4
Bg6 16. Ne3 Rc8 17. Nh4 Nh7 18. Nxg6 fxg6 19. Nd5 Ba7 20. Be3 Ng5 21. Kg2 Kh8
22. a4 Ra8 23. axb5 axb5 24. Bxg5 hxg5 25. Rh1 c4 26. f3 Kg8 27. Rxa5 Qxa5 28.
dxc4 bxc4 29. Qxc4 Qc5 30. Ne7+ Kh7 31. Qxc5 Bxc5 32. h4 Kh6 33. h5 Ra1 34.
Rxa1 gxh5 35. b4 Bb6 36. Ra6 Bc7 37. gxh5 Kxh5 38. b5 Rb8 39. Bd3 g4 40. fxg4+
Kxg4 41. Nd5 Bd8 42. Rxd6 Kg5 43. b6 Ra8 44. b7 Ra2+ 45. Kf3 Rb2 46. Rxd8 Rxb7
47. Re8 Rf7+ 48. Kg3 Kh5 49. Rxe5+ g5 50. Be2+ Kh6 51. Re6+ 1-0